UBT Library

CRIMINOLOGY THE CORE (Record no. 59258)

000 -LEADER
fixed length control field 00334nam a22001457a 4500
008 - FIXED-LENGTH DATA ELEMENTS--GENERAL INFORMATION
fixed length control field 230124b ||||| |||| 00| 0 eng d
020 ## - INTERNATIONAL STANDARD BOOK NUMBER
International Standard Book Number 2901285068908
041 ## - LANGUAGE CODE
Language code of text/sound track or separate title eng
080 ## - UNIVERSAL DECIMAL CLASSIFICATION NUMBER
Edition identifier FIFTH EDITION
Universal Decimal Classification number 343.9
082 ## - DEWEY DECIMAL CLASSIFICATION NUMBER
Classification number 343.9SIE
100 ## - Rafti
Rafti 30
101 ## - Shkurtesa
Shkurtesa JURED
245 ## - TITLE STATEMENT
Title CRIMINOLOGY THE CORE
Statement of responsibility, etc SIEGEL J L
942 ## - ADDED ENTRY ELEMENTS (KOHA)
Source of classification or shelving scheme
Item type Books
Holdings
Withdrawn status Lost status Source of classification or shelving scheme Damaged status Not for loan Collection code Permanent location Current location Date acquired Total Checkouts Full call number Barcode Date last seen Price effective from Koha item type
          Koleksioni i përgjithshem UBT - Lipjan UBT - Lipjan 01/24/2023   343.9SIE 003-34 01/24/2023 01/24/2023 Books
          Koleksioni i përgjithshem UBT - Lipjan UBT - Lipjan 01/24/2023   343.9SIE 003-35 01/24/2023 01/24/2023 Books
UBT Library © 2015-2024. All rights reserved University Education for Business and Technology